00439 2200181 4500001002100000005001500021035002000036008004100056245004200097100001800139250000600157260003400163300001200197084001400209082000800223650001400231990001200245INLIS00000000000022720240502023951 a0010-0424000203240502 0 ind 1 aWorld Cup 1930 - 2010 /cGerman Aczel aAczel, German a1 aJakarta :bTiga Kelana,c2010 a228 hlm a000 GER w a000 4aNon Fiksi a0732427